000
00334nam a22001457a 4500
999
_c
12235
_d
12235
020
_a
978-8172311711
082
_a
972.3
100
_a
Imam Muhammad Bin Ismail Bukhari RA
245
_a
Sahih Bukhari
250
_a
Vol-1
260
_a
Lahore
_b
Maktab-a-Islamia
300
_a
607
650
_a
Islamic Publication
942
_c
BK